书目信息 |
| 题名: |
工业糖浆及糖醇能源化工概述
|
|
| 作者: | 徐道清 , 顿宝庆 主编 | |
| 分册: | ||
| 出版信息: | 北京 中国农业科学技术出版社 2015 |
|
| 页数: | 181页 | |
| 开本: | 24cm | |
| 丛书名: | ||
| 单 册: | ||
| 中图分类: | TS245.9 , TQ351.37 | |
| 科图分类: | ||
| 主题词: | 糖浆--化工生产 , 糖醇--化工生产 | |
| 电子资源: | ||
| ISBN: | 978-7-5116-2104-7 | |
| 000 | 00966nam0 2200253 450 | |
| 001 | 3709 | |
| 005 | 20160927090156.96 | |
| 010 | @a978-7-5116-2104-7@b平装@dCNY50.00 | |
| 100 | @a20151008d2015 em y0chiy50 ea | |
| 101 | 0 | @achi |
| 102 | @aCN@b110000 | |
| 105 | @aa z 000yy | |
| 200 | 1 | @a工业糖浆及糖醇能源化工概述@9gong ye tang jiang ji tang chun neng yuan hua gong gai shu@f徐道清,顿宝庆主编 |
| 210 | @a北京@c中国农业科学技术出版社@d2015 | |
| 215 | @a181页@c图@d24cm | |
| 330 | @a本书概述了工业糖浆生产的原理,对作物秸秆生产工业糖浆进行了探讨,详细介绍了在沙化地、盐碱地规模化种植甜高粱、甜玉米等含糖类作物,以其杆茎制取工业糖浆,以工业糖浆为原料生产燃料乙醇等能源类产品和化工类产品。 | |
| 606 | 0 | @a糖浆@x化工生产 |
| 606 | 0 | @a糖醇@x化工生产 |
| 690 | @aTS245.9@v5 | |
| 690 | @aTQ351.37@v5 | |
| 701 | 0 | @a徐道清@9xu dao qing@4主编 |
| 701 | 0 | @a顿宝庆@9dun bao qing@4主编 |
| 801 | 0 | @aCN@b唐山师范学院图书馆@c20151001 |
| 905 | @aZUCC@dTS245.9@e220 | |
| 工业糖浆及糖醇能源化工概述/徐道清,顿宝庆主编.-北京:中国农业科学技术出版社,2015 |
| 181页:图;24cm |
| ISBN 978-7-5116-2104-7(平装):CNY50.00 |
| 本书概述了工业糖浆生产的原理,对作物秸秆生产工业糖浆进行了探讨,详细介绍了在沙化地、盐碱地规模化种植甜高粱、甜玉米等含糖类作物,以其杆茎制取工业糖浆,以工业糖浆为原料生产燃料乙醇等能源类产品和化工类产品。 |
| ● |
| 相关链接 |
|
|
|
|
正题名:工业糖浆及糖醇能源化工概述
索取号:TS245.9/220
 
预约/预借
| 序号 | 登录号 | 条形码 | 馆藏地/架位号 | 状态 | 备注 |
| 1 | 906135 | 209061352 | 第二样本阅览室/ [索取号:TS245.9/220] | 在馆 | |
| 2 | 906136 | 209061361 | 密集书库-化学系/ [索取号:TS245.9/220] | 在馆 | |
| 3 | 906137 | 209061370 | 第三借阅区/ [索取号:TS245.9/220] | 在馆 | |
| 4 | 906138 | 209061389 | 第三借阅区/ [索取号:TS245.9/220] | 在馆 | |
| 5 | 906139 | 209061398 | 第三借阅区/ [索取号:TS245.9/220] | 在馆 |